LEADER 00972nam a2200229 i 4500 001 000000006086 003 CaOOAMICUS 005 20260417145159.0 008 180830s1843 xxk u000 u und u 040 $aSeMil$bita 100 1 $aMacaulay, Thomas Babington,$d<1800-1859>.$0(OLS)http://semarc/name/89448 245 10$aCritical and historical essays :$bcontributed to the Edinburgh Review /$cbu Thomas Babington Macaulay. 250 $a2. Edition. In three volumes 260 $aLondon :$bLongman, Brown, Green, and Longmans,$c1843. 300 $a3 v. ;$c24 cm. 650 4$aLetteratura - Saggi.$0(OLS)http://semarc/subject/200 774 0 $tVol. 1.$g1$w()83661 774 0 $tVol. 2.$g2$w()255722 774 0 $tVol. 3.$g3$w()255721 996 $6245$aCritical and historical essays :$bcontributed to the Edinburgh Review$9(OLS)http://semarc/title/400944 996 $6260$aLondon :$bLongman, Brown, Green, and Longmans$9(OLS)http://semarc/publisher/55726